000 00333nam a2200133Ia 4500
008 151213s9999 xx 000 0 und d
100 _aBanerjis Tilak
245 _aGuide To Mill's On Liberty .
_cBanerjis Tilak
300 _a8491 p.
650 _aEnglish
650 _aEnglish Literature
700 _aBanerjis Tilak
999 _c4328
_d4328